Los sapos de la memoria /

Guardado en:
Autor Principal: Bialet, Graciela.
Formato: Libro
Idioma:Undetermined
Publicado: Villa Allende : Yammal Contenidos, 2020.
Edición:1a ed.
Materias:
Etiquetas: Agregar Etiqueta
Sin Etiquetas, Sea el primero en etiquetar este registro!
LEADER 00882nam a22002775a 4500
001 CEM.cems019008
008 211103s2020####ag############000#0#und#d
005 20221004163559.0
245 1 0 |a Los sapos de la memoria /  |c Graciela Bialet. 
250 |a 1a ed. 
260 |a Villa Allende :  |b Yammal Contenidos,  |c 2020. 
300 |a 160 p. 
500 |a Edición para Ministerio de Educación de la Nación Argentina. 
020 |a 9789874033376 
100 1 |a Bialet, Graciela. 
653 |a Literatura 
653 |a Literatura Argentina 
653 |a Novela 
653 |a Novela Argentina 
653 |a Literatura Juvenil 
653 |a Novela Juvenil 
653 |a Biografía 
653 |a Dictadura 
653 |a Colección Leer Abre Mundos 
859 |a CEMS  |b BIB. CEMS - Agricultura  |h A863.4  |i B470  |p A3373.21  |t Ej.1 
859 |a CEMS  |b BIB. CEMS - 11 de abril  |h A863.4  |i B470-1  |p 29121.21  |t Ej. 1